000 00587ntaaa2200217 4500
003 01
005 20251027203221.0
008 0714s1973 ag 01
040 _aAR-BaBN
_bspa
_cAR-BaBN
_eaacr
_dRIC
082 _a261.7 B45
100 _aBerdiaev, Nicolás
_96111
245 _aEl cristianismo y el problema del comunismo /
_cNicolás Berdiaev
250 _a8ª ed.
260 _aMadrid :
_bEspasa-Calpe, S.A.,
_c1961
300 _a145 p.
490 _aAustral ;
_v26
650 _aMARXISMO
_92909
650 _aRELIGION CRISTIANA
_914514
650 _aCOMUNISMO
_92897
942 _cBK
999 _c27625
_d27625